Empirical model-building and response surfaces /

Guardado en:
Autor Principal: Box, George E. P.
Otros Autores: Draper, Norman Richard.
Formato: Libro
Idioma:English
Publicado: New York : Wiley, c1987.
Series:Wiley series in probability and mathematical statistics. Applied probability and statistics
Materias:
Acceso en línea:Publisher description
Table of Contents
Contributor biographical information
Etiquetas: Agregar Etiqueta
Sin Etiquetas, Sea el primero en etiquetar este registro!
LEADER 01252cam a2200289 a 4500
001 EIQ.libpla004296
008 860212s1987####nyua#####b####001#0#eng##
005 20121212104758.0
245 1 0 |a Empirical model-building and response surfaces /  |c George E.P. Box, Norman R. Draper. 
260 |a New York :  |b Wiley,  |c c1987. 
300 |a xiv, 669 p. :  |b il. ;  |c 24 cm. 
440 0 |a Wiley series in probability and mathematical statistics.  |p Applied probability and statistics 
504 |a Bibliografía: p. 615-656. 
500 |a Incluye índices. 
020 |a 0471810339 :  |c $44.95 (est.) 
100 1 |a Box, George E. P. 
700 1 |a Draper, Norman Richard. 
082 0 0 |a 519.5  |2 19 
650 0 |a Experimental design.  |x Response surfaces (Statistics) 
650 0 |a Diseño experimental  |x Respuesta superficial (Estadística) 
010 |a  86004064  
040 |a DLC  |c DLC  |d DLC 
050 0 0 |a QA279  |b .B67 1987 
856 4 2 |3 Publisher description  |u http://www.loc.gov/catdir/description/wiley033/86004064.html 
856 4 |3 Table of Contents  |u http://www.loc.gov/catdir/toc/onix03/86004064.html 
856 4 2 |3 Contributor biographical information  |u http://www.loc.gov/catdir/enhancements/fy0705/86004064-b.html 
859 |a AR-BbSID  |b BIB. PLAPIQUI  |h 519.5  |i B69  |p 6120